000 00387nam a2200109Ia 4500
008 171211s9999 xx 000 0 und d
245 _aJoy of Zentangle: Drawing Your Way to Increased Creativity, Focus, and Well-Being
245 _cMarie Browning, Sandy Bartholomew, and Suzanne McNeill
260 _c2012
650 _xDrawing
856 _uhttp://down.ebook777.com/004/9781574214277.rar
999 _c348035
_d348035